000 00550nam a2200181 i 4500
001 49695
003 ES-MaACL
005 20230906162039.0
007 t|
008 030721s1970 sp ||||1| spa d
100 1 _aCouffignal, Louis.
_941226
245 1 3 _aLa cibernética /
_cLouis Couffignal ; [traducción, Francisco Asensio, Antonio Arbonés].
260 _aBarcelona :
_bRedondo,
_c1970.
300 _a148 p. ;
_c18 cm.
700 1 _aAsensio, Francisco.
_923581
700 1 _aArbonés, Antonio.
_922416
852 _aES-MaACL
_jC-40563
_bR.72860
999 _c49695
_d49695